Nommez les 10 plus grands ports de commerce du monde - Statistiques

Statistiques générales
  • Ce quiz a été pris 241 fois
  • Le résultat moyen est 5 sur 20
Statistiques - réponses
Réponse % Correct
Shanghai
77%
Rotterdam
75%
Singapour
63%
Singapour
63%
Canton
49%
Ningbo
18%
Tianjin
16%
Chine
14%
Chine
14%
Chine
14%
Chine
14%
Chine
14%
Chine
14%
Qingdao
10%
Les Pays-Bas
8%
Australie
5%
Dalian
3%
Port-Hedland
3%
Corée du Sud
2%
Pusan
2%
Aucun quiz correspondant
Distribution des résultats
% des personnes avec chaque résultat
Percentile par nombre de réponses
Votre historique - résultats
Vous n’avez pas pris ce quiz